[Event "Cardiff Welsh op"]
[Site "Cardiff"]
[Date "2022.04.16"]
[Round "3"]
[White "Smith, Chris P"]
[Black "Cox, John"]
[Result "1-0"]
[WhiteElo "1454"]
[BlackElo "1431"]
[PlyCount "43"]
[EventDate "2022.04.15"]
[EventType "swiss"]
[EventRounds "7"]
[EventCountry "WLS"]
[SourceTitle "CBM 207 Extra"]
[Source "ChessBase"]
[SourceDate "2022.05.31"]
[SourceVersion "1"]
[SourceVersionDate "2022.05.31"]
[SourceQuality "1"]

1. d4 f5 2. e4 fxe4 3. Nc3 Nf6 4. Bg5 e6 5. Nxe4 Be7 6. Bxf6 Bxf6 7. Nf3 b6 8. Bd3 Bb7 9. 0-0 0-0 10. c3 Qe8 11. Nxf6+ Rxf6 12. Ng5 g6 13. Qg4 Nc6 14. Qh4 Qe7 15. Nxh7 Qxh7 16. Qxf6 Qf7 17. Qxg6+ Qxg6 18. Bxg6 Ne7 19. Bd3 Rf8 20. Rae1 Nf5 21. Bxf5 Rxf5 22. Re5 1-0

[Event "GBR-ch Soanes op 104th"]
[Site "Llandudno"]
[Date "2017.07.28"]
[Round "1"]
[White "Cox, John"]
[Black "Woods, Timothy J"]
[Result "0-1"]
[WhiteElo "1469"]
[BlackElo "1662"]
[PlyCount "46"]
[EventDate "2017.07.28"]
[EventType "swiss"]
[EventRounds "5"]
[EventCountry "WLS"]
[SourceTitle "EXT 2019"]
[Source "ChessBase"]
[SourceDate "2018.10.10"]
[SourceVersion "1"]
[SourceVersionDate "2018.10.10"]
[SourceQuality "1"]

1. d4 d6 2. Nc3 Nf6 3. e4 g6 4. Bc4 Bg7 5. Nf3 0-0 6. h3 Nxe4 7. Bxf7+ Rxf7 8. Nxe4 h6 9. 0-0 Qf8 10. Be3 Bxh3 11. Nh4 Bf5 12. Ng3 Rf6 13. Qe2 Nc6 14. Nhxf5 gxf5 15. Nh5 Rg6 16. Nf4 Rg4 17. Ne6 Qf6 18. Nxc7 Qg6 19. f3 Rh4 20. Bf2 Nxd4 21. Qc4+ d5 22. Qxd5+ e6 23. Qc4 Nxf3# 0-1

[Event "South Wales op 14th"]
[Site "Cardiff"]
[Date "2017.07.14"]
[Round "10"]
[White "Ray, Hiya"]
[Black "Cox, John"]
[Result "1-0"]
[WhiteElo "1523"]
[BlackElo "1469"]
[PlyCount "49"]
[EventDate "2017.07.08"]
[EventType "swiss"]
[EventRounds "10"]
[EventCountry "WLS"]
[SourceTitle "EXT 2018"]
[Source "ChessBase"]
[SourceDate "2017.10.13"]
[SourceVersion "1"]
[SourceVersionDate "2017.10.13"]
[SourceQuality "1"]

1. d4 f5 2. Bg5 g6 3. h4 h6 4. Bf4 Bg7 5. Qd3 d6 6. Qg3 Kf7 7. e3 Nf6 8. Bc4+ e6 9. Nc3 Nh5 10. Qh2 Nxf4 11. Qxf4 d5 12. Be2 a6 13. 0-0-0 Qd6 14. Qf3 Rf8 15. Nh3 Kg8 16. Nf4 Rf6 17. g4 Bd7 18. g5 Rf7 19. Nxg6 Nc6 20. gxh6 Bxh6 21. Qh5 Kh7 22. Rdg1 Rg8 23. Ne5 Nxe5 24. Rxg8 Ng4 25. Qxf7+ 1-0

[Event "Tom Weston Major op"]
[Site "Cardiff"]
[Date "2017.04.15"]
[Round "4"]
[White "Cox, John"]
[Black "Jukes, Sam"]
[Result "0-1"]
[WhiteElo "1448"]
[BlackElo "1734"]
[PlyCount "72"]
[EventDate "2017.04.14"]
[EventType "swiss"]
[EventRounds "7"]
[EventCountry "WLS"]
[SourceTitle "EXT 2019"]
[Source "ChessBase"]
[SourceDate "2018.10.10"]
[SourceVersion "1"]
[SourceVersionDate "2018.10.10"]
[SourceQuality "1"]

1. Nf3 d5 2. d4 Nf6 3. e3 g6 4. c4 c6 5. Nc3 Bg7 6. Bd3 0-0 7. 0-0 Bg4 8. h3 Bxf3 9. Qxf3 e6 10. b3 Nbd7 11. Ba3 Re8 12. Bd6 Bf8 13. Bxf8 Kxf8 14. Qf4 Kg7 15. cxd5 exd5 16. Rfe1 Qb8 17. Qxb8 Raxb8 18. f3 Rbd8 19. b4 h5 20. Re2 h4 21. e4 dxe4 22. fxe4 Nb6 23. e5 Nfd5 24. Nxd5 Nxd5 25. b5 Nf4 26. Re3 Nxd3 27. Rxd3 Rxe5 28. bxc6 bxc6 29. Rc3 Rxd4 30. Rxc6 Ra4 31. Rc3 Re2 32. a3 a5 33. Kf1 Rb2 34. Rd1 Rf4+ 35. Rf3 Rxf3+ 36. gxf3 Rb3 0-1

[Event "South Wales New Year op-B"]
[Site "Bridgend"]
[Date "2017.01.08"]
[Round "5"]
[White "Smith, George"]
[Black "Cox, John"]
[Result "1/2-1/2"]
[WhiteElo "1443"]
[BlackElo "1429"]
[PlyCount "68"]
[EventDate "2017.01.06"]
[EventType "swiss"]
[EventRounds "5"]
[EventCountry "WLS"]
[SourceTitle "EXT 2019"]
[Source "ChessBase"]
[SourceDate "2018.10.10"]
[SourceVersion "1"]
[SourceVersionDate "2018.10.10"]
[SourceQuality "1"]

1. d4 d5 2. Nc3 Nf6 3. Bg5 e6 4. e4 dxe4 5. Nxe4 Be7 6. Nxf6+ Bxf6 7. Bxf6 Qxf6 8. Qd2 0-0 9. 0-0-0 Nd7 10. Nf3 c6 11. Bd3 h6 12. Qe3 Nb6 13. g4 Nd5 14. Qe4 Qf4+ 15. Kb1 Qxe4 16. Bxe4 Nf6 17. Bd3 Nxg4 18. Rd2 Bd7 19. Rg1 f5 20. h3 Nf6 21. Nh4 Be8 22. Bc4 Nd5 23. Nf3 b5 24. Bb3 a5 25. a3 a4 26. Ba2 Bd7 27. Ne5 Ra7 28. Rd3 f4 29. f3 Kh7 30. c3 Rf6 31. Bxd5 cxd5 32. Rd2 Be8 33. Rdg2 g6 34. Ka2 Rc7 1/2-1/2

[Event "WLS-ch Seniors 1st"]
[Site "Newport"]
[Date "2015.08.28"]
[Round "2"]
[White "Cox, John"]
[Black "Hurn, Robert AJ"]
[Result "1/2-1/2"]
[WhiteElo "1431"]
[BlackElo "1631"]
[PlyCount "57"]
[EventDate "2015.08.28"]
[EventType "swiss"]
[EventRounds "6"]
[EventCountry "WLS"]
[SourceTitle "EXT 2018"]
[Source "ChessBase"]
[SourceDate "2017.10.13"]
[SourceVersion "1"]
[SourceVersionDate "2017.10.13"]
[SourceQuality "1"]

1. e4 c5 2. Nf3 d6 3. Bb5+ Bd7 4. Bxd7+ Qxd7 5. d4 cxd4 6. Nxd4 Nf6 7. Nc3 g6 8. 0-0 Bg7 9. Re1 0-0 10. h3 Nc6 11. Nxc6 bxc6 12. Qd3 Rab8 13. Rb1 Qc7 14. b3 Qa5 15. Bb2 Nh5 16. a4 Nf4 17. Qe3 Ne6 18. Na2 Bxb2 19. Rxb2 c5 20. Qc3 Qa6 21. Nc1 Rfc8 22. Qd3 Qa5 23. Kf1 Nd4 24. Ne2 Nc6 25. f4 Nb4 26. Qc4 Qc7 27. Nc3 Qb7 28. Rd1 a5 29. Nd5 1/2-1/2

[Event "South Wales op 12th"]
[Site "Cardiff"]
[Date "2015.07.13"]
[Round "5"]
[White "Rovaretti, David"]
[Black "Cox, John"]
[Result "1-0"]
[WhiteElo "1587"]
[BlackElo "1425"]
[PlyCount "81"]
[EventDate "2015.07.11"]
[EventType "swiss"]
[EventRounds "10"]
[EventCountry "WLS"]
[SourceTitle "EXT 2016"]
[Source "ChessBase"]
[SourceDate "2015.10.08"]
[SourceVersion "1"]
[SourceVersionDate "2015.10.08"]
[SourceQuality "1"]

1. e4 e5 2. Bc4 Nf6 3. d3 Be7 4. f4 exf4 5. Bxf4 d6 6. c3 c5 7. Nf3 Nc6 8. a3 Bg4 9. Nbd2 0-0 10. 0-0 Ne5 11. Bxe5 dxe5 12. Qb3 Qc7 13. Rf2 a6 14. a4 Bh5 15. Raf1 Ng4 16. Re2 b6 17. h3 Nf6 18. Ref2 Bg6 19. Nh4 Qd6 20. Ndf3 Ra7 21. Nxg6 hxg6 22. Nh4 Nxe4 23. Bxf7+ Rxf7 24. Qxf7+ Kh8 25. Nxg6+ Kh7 26. dxe4 Qxg6 27. Qxg6+ Kxg6 28. Rf7 Rc7 29. g4 Bd6 30. Rxc7 Bxc7 31. c4 a5 32. Kg2 Bd6 33. Kg3 Bc7 34. Rf5 Bd6 35. h4 Bc7 36. g5 Bd6 37. Kg4 Bc7 38. h5+ Kh7 39. Rf8 Bd6 40. g6+ Kh6 41. Rh8# 1-0

[Event "Tom Weston Major op"]
[Site "Cardiff"]
[Date "2015.04.04"]
[Round "4"]
[White "Rovaretti, David"]
[Black "Cox, John"]
[Result "0-1"]
[WhiteElo "1644"]
[BlackElo "1385"]
[PlyCount "104"]
[EventDate "2015.04.03"]
[EventType "swiss"]
[EventRounds "7"]
[EventCountry "WLS"]
[SourceTitle "EXT 2018"]
[Source "ChessBase"]
[SourceDate "2017.10.13"]
[SourceVersion "1"]
[SourceVersionDate "2017.10.13"]
[SourceQuality "1"]

1. Nf3 d5 2. g3 Nf6 3. d3 Bg4 4. Bg2 Bxf3 5. Bxf3 e6 6. 0-0 Be7 7. Nd2 Nbd7 8. Re1 0-0 9. e4 dxe4 10. Nxe4 c6 11. b3 Nxe4 12. Bxe4 Bf6 13. Rb1 Nc5 14. Bg2 Bc3 15. Re2 Qf6 16. Be3 Bd4 17. Qc1 h6 18. Bxd4 Qxd4 19. Qe1 Rad8 20. b4 Na4 21. Rb3 Nb6 22. Re4 Qd6 23. c4 c5 24. bxc5 Qxc5 25. Re5 Qc7 26. a4 Nxa4 27. Rxb7 Qd6 28. Rxa7 Nb2 29. c5 Qxd3 30. c6 Qd4 31. Rea5 Qc4 32. Ra1 Nd3 33. Qa5 Nc1 34. Rd7 Nb3 35. Qa2 Rxd7 36. cxd7 Qd4 37. Qxb3 Qxa1+ 38. Bf1 Qd4 39. Qd3 Qxd3 40. Bxd3 Rd8 41. Bb5 Kf8 42. f4 Ke7 43. Kf2 Rxd7 44. Bxd7 Kxd7 45. Ke3 Kd6 46. Ke4 f6 47. g4 g6 48. f5 exf5+ 49. gxf5 g5 50. Kd4 h5 51. Ke4 Kc5 52. h3 Kc4 0-1